000 00573nam a2200193 a 4500
001 5767
003 CO-ViMGA
008 141112s2004 ck r 000 u spa d
040 _aCO-ViMGA
_bspa
_cCO-ViMGA
082 0 4 _a379.861 P177c
100 1 _aParra Sandoval, Rodrigo
_94263
245 1 0 _aLa calidad de la educación :
_buniversidad y cultura popular
260 _aSantafé de Bogotá :
_bTercer mundo,
_c1992
300 _a332 p
650 1 4 _aeducación COLOMBIANA
_93298
650 1 4 _aeducación RURAL
_91443
650 1 4 _aeducación SUPERIOR
_952794
942 _2ddc
_cBK
999 _c17746
_d17746